000
00341nam a2200145Ia 4500
008
220805s9999 xx 000 0 und d
041
_a
eng
082
_a
153.9
100
_a
Sekar, Ragini
_9
88075
260
_a
Chennai
_b
ICRDCE
_c
2011
245
_a
Child is the Future V 1
250
_a
1
440
_v
1
650
_a
Child Psychology
_9
88076
999
_c
48489
_d
48489